Welcome to CU Library Online Public Access Catalogue (OPAC)

Engineering design graphics : (Record no. 8029)

MARC details
000 -LEADER
fixed length control field 00739cam a22002534a 4500
001 - CONTROL NUMBER
control field 11982986
005 - DATE AND TIME OF LATEST TRANSACTION
control field 20251104163926.0
008 - FIXED-LENGTH DATA ELEMENTS--GENERAL INFORMATION
fixed length control field 000421s2001 njua b 001 0 eng
020 ## - INTERNATIONAL STANDARD BOOK NUMBER
International Standard Book Number 0130303658
020 ## - INTERNATIONAL STANDARD BOOK NUMBER
International Standard Book Number 0130160075
020 ## - INTERNATIONAL STANDARD BOOK NUMBER
International Standard Book Number 9780130303653
020 ## - INTERNATIONAL STANDARD BOOK NUMBER
International Standard Book Number 9780130160072
050 00 - LIBRARY OF CONGRESS CALL NUMBER
Classification number TA174
Item number .E23 2001
082 00 - DEWEY DECIMAL CLASSIFICATION NUMBER
Classification number 620/.0042/0222
Edition information 21
100 1# - MAIN ENTRY--PERSONAL NAME
Personal name Earle, James H.
245 10 - TITLE STATEMENT
Title Engineering design graphics :
Remainder of title AutoCAD 2000 /
Statement of responsibility, etc. James H. Earle.
250 ## - EDITION STATEMENT
Edition statement 10th ed.
260 ## - PUBLICATION, DISTRIBUTION, ETC.
Place of publication, distribution, etc. Upper Saddle River, N.J. :
Name of publisher, distributor, etc. Prentice Hall,
Date of publication, distribution, etc. c2001.
300 ## - PHYSICAL DESCRIPTION
Extent xvii, 751, 48, 31 p. :
Other physical details ill. ;
Dimensions 25 cm.
500 ## - GENERAL NOTE
General note Includes index.
650 #0 - SUBJECT ADDED ENTRY--TOPICAL TERM
Topical term or geographic name entry element Engineering design.
650 #0 - SUBJECT ADDED ENTRY--TOPICAL TERM
Topical term or geographic name entry element Engineering graphics.
942 ## - ADDED ENTRY ELEMENTS (KOHA)
Source of classification or shelving scheme Library of Congress Classification
Koha item type Books
Edition 10th ed.
Suppress in OPAC No
999 ## -
-- 8029
-- 8029
Holdings
Withdrawn status Lost status Source of classification or shelving scheme Damaged status Not for loan Collection Home library Current library Shelving location Date acquired Total checkouts Full call number Barcode Date last seen Copy number Price effective from Koha item type
    Library of Congress Classification     Non-fiction Science Library (Miotso) Science Library (Miotso) General stacks 11/04/2025   TA174 .E23 EAR SLM00005257 11/04/2025 1 11/04/2025 Books
© 2023-2024 Copyright: Central University Libraries. All Rights Reserved | Created by: Mahone Tech Office